Úklady jazyka, alebo, Slovgličtina

Bibliographic Details
Main Author: Branko, Pavel, 1921-2020 (Author)
Format: Article
Language:Slovak
ISSN:0231-6714
Subjects:

MARC

LEADER 00000nab a2200000 a 4500
001 vtls008704157
003 SK-MaSNL
005 20260303190726.0
008 131118c2006 xo mr|p|||||||000 b|slo
015 |a SNBRB2006/05  |2 snkbucl 
038 |a SNKBUCL 
040 |a SNKBUCL  |b slo  |c SNKBUCL  |e AACR2 
041 0 |a slo 
044 |a xo  |c SK 
080 |a 811.162.4`373.45  |2 1997 
080 |a 81`373.45:811.162.4  |2 1997 
100 1 |a Branko, Pavel,  |d 1921-2020  |4 aut  |9 85497 
245 1 0 |a Úklady jazyka, alebo, Slovgličtina  |c Pavel Branko 
650 0 7 |a slovenčina  |2 snkbucl  |9 1350 
650 0 7 |a cudzie slová  |2 snkbucl  |9 28704 
650 0 7 |a slovná zásoba  |2 snkbucl  |9 66837 
773 0 |t Romboid  |g Roč. XXXXI, č. 3 (2006), s. 94-95  |x 0231-6714 
852 |a SNK  |b KIS3GCP 
999 |c 2137713  |d 2139643